| 000 | 00792nam a2200241 a 4500 | ||
|---|---|---|---|
| 999 |
_c11176 _d11176 |
||
| 001 | 11176 | ||
| 003 | BD-JhCC | ||
| 005 | 20190806140044.0 | ||
| 008 | 190606b20142016bg |||| ||a| 000 0 ben d | ||
| 020 | _a9847018900983 | ||
| 035 | _a(BD-JhCC)11176 | ||
| 040 |
_aBD-JhCC _dBD-JhCC |
||
| 041 | _aben | ||
| 082 |
_bPRI 2016 _a920.72 |
||
| 100 | _aপ্রিয়ভাষিণী, ফেরদৌসী | ||
| 245 |
_aনন্দিত নন্দন / _cফেরদৌসী প্রিয়ভাষিণী । |
||
| 260 |
_aঢাকা: _bশব্দশৈলী প্রকাশ; _c২০১৬. |
||
| 300 |
_a২৪৭ পৃ. : _c২২ সেমি. |
||
| 600 | _aPriyabhashini, Ferdousy | ||
| 650 | _aAutobiography | ||
| 942 |
_2ddc _cBK |
||